| 000 | 00736nam a2200193 i 4500 | ||
|---|---|---|---|
| 001 | 183849 | ||
| 003 | ES-MaACL | ||
| 005 | 20251014063258.0 | ||
| 008 | 141028s1989 cl acp |||| |dspa d | ||
| 100 | 1 |
_aOlmos, Pedro, _d1911-1991 _9155312 |
|
| 245 | 1 | 0 |
_aOlmos y los escritores / _cPedro Olmos ; prólogo de Ricardo Bindis. |
| 260 |
_aSantiago de Chile : _b[P. Olmos], _c[1989] ( _fTall. Gráf. Gómez Lay) |
||
| 300 |
_a238 p. : _bprincipalmente il., retr. ; _c27 cm. |
||
| 600 | 1 | 7 |
_aOlmos, Pedro, _d1911-1991 _2 _9155312 |
| 700 | 1 |
_aBindis, Ricardo. _9155794 |
|
| 852 |
_aES-MaACL _jA-13281 _9190805 _bR.150209 _cDEPO1 _dOlim: N-6281 _gDedicatoria autógrafa personal |
||
| 942 |
_2udc _cMONOGRAFIA |
||
| 999 |
_c183849 _d183849 |
||